| 000 | 00552nam a2200205Ia 4500 | ||
|---|---|---|---|
| 999 |
_c3121 _d3121 |
||
| 001 | 9028895 | ||
| 003 | OCoLC | ||
| 005 | 20181024170015.0 | ||
| 008 | 821207s1910 nyu 000 0 eng d | ||
| 020 | _a088368098X | ||
| 040 |
_aDKC _cDKC _dBSC |
||
| 082 |
_a253.7 _bT694H |
||
| 092 |
_a253 _bT636 |
||
| 100 | 1 |
_aTorrey, R. A. _q(Reuben Archer), _d1856-1928. |
|
| 245 | 1 | 0 |
_aHow to bring men to Christ / _cby R. A. Torrey. |
| 260 |
_aNew York : _bWhitaker House, _cc1981. |
||
| 300 |
_a121 p. ; _c19 cm. |
||
| 650 | 0 | _aEvangelistic work. | |
| 942 |
_2ddc _cBK |
||